Patrimonio moderno y ciudad

Guardat en:
Dades bibliogràfiques
Autor corporatiu: Docomomo Internacional (Autor)
Format: Llibre
Idioma:espanyol
Publicat: Valparaíso Docomomo Internacional 2009
Matèries:
Etiquetes: Afegir etiqueta
Sense etiquetes, Sigues el primer a etiquetar aquest registre!

MARC

LEADER 00000cam a2200000 a 4500
001 UCH9681
003 CL-VaPUC
005 20240619100137.0
008 100121e20090000cl 1 spa d
020 |a 9789563322422 
082 0 4 |a 720.983  |b DOC  |2 21 
110 2 |a Docomomo Internacional  |e author  |9 621499 
245 1 0 |a Patrimonio moderno y ciudad 
260 |a Valparaíso  |b Docomomo Internacional  |c 2009 
300 |a 134 p 
583 |a last modification  |c 20190908 07:12:36  |k Rodrigo Vera 
650 0 0 |a Patrimonio arquitectónico  |9 488599 
650 0 0 |a Patrimonio cultural  |9 309364 
650 0 0 |a Cultura  |9 269059 
650 0 0 |a Monumentos nacionales   |9 384334 
650 0 0 |a Arquitectura  |9 804558 
650 0 0 |a Diseño arquitectónico   |9 265271 
650 0 0 |a Congresos  |9 257560 
942 |c BK 
945 |a rbrito  |d 20100121 00:00:00 
546 |a En Español 
536 |a Docomomo Internacional 
518 |p Seminario Docomomo Chile, 3, Valparaíso, 18 al 21 de noviembre 2009 
999 |c 384488  |d 384486 
952 |0 0  |1 0  |4 0  |6 720_983000000000000_DOC_2009  |7 0  |8 A  |9 507256  |a BIBARQ  |b BIBARQ  |d 2020-01-23  |i 463716K  |o 720.983 DOC 2009  |p 463716K  |r 2025-01-20  |w 2020-01-23  |y BK  |k ARQ 
952 |0 0  |1 1  |4 0  |6 720_983000000000000_DOC_2009  |7 0  |8 A  |9 507257  |a BIBARQ  |b BIBARQ  |d 2020-01-23  |i 4637178  |o 720.983 DOC 2009  |p 4637178  |r 2020-01-23  |w 2020-01-23  |x Retirado en Inventario 2023  |y BK  |k ARQ 
952 |0 0  |1 0  |4 0  |6 720_983000000000000_DOC_2009  |7 0  |8 A  |9 507258  |a BIBARQ  |b BIBARQ  |d 2020-01-23  |i 4637186  |o 720.983 DOC 2009  |p 4637186  |r 2025-01-20  |w 2020-01-23  |y BK  |k ARQ 
952 |0 0  |1 0  |4 0  |6 720_983000000000000_DOC_2009  |7 0  |8 A  |9 507259  |a BIBARQ  |b BIBARQ  |d 2020-01-23  |i 4961110  |o 720.983 DOC 2009  |p 4961110  |r 2025-01-20  |w 2020-01-23  |y BK  |k ARQ 
952 |0 0  |1 0  |4 0  |6 720_983000000000000_DOC_2009  |7 0  |8 A  |9 507260  |a BIBARQ  |b BIBARQ  |d 2020-01-23  |i 4961129  |o 720.983 DOC 2009  |p 4961129  |r 2025-01-20  |w 2020-01-23  |y BK  |k ARQ 
952 |0 0  |1 0  |4 0  |6 720_983000000000000_DOC_2009  |7 0  |8 A  |9 507261  |a BIBARQ  |b BIBARQ  |d 2020-01-23  |i 4961137  |o 720.983 DOC 2009  |p 4961137  |r 2025-01-20  |w 2020-01-23  |y BK  |k ARQ